| 000 | 00522nam a22001577a 4500 | ||
|---|---|---|---|
| 008 | 160811b xxu||||| |||| 00| 0 eng d | ||
| 020 | _a9780826487230 | ||
| 050 | _aB1657.T39 2007 | ||
| 100 |
_aTaylor, Michael W. _924858 |
||
| 245 |
_aThe Philosophy of Herbert Spencer _c/ Michael W Taylor |
||
| 260 |
_aLondon _bContinuum International Publishing Group _c2007 |
||
| 300 |
_axiv,183p.; _c25cm. |
||
| 440 |
_aContinuum studies in British Philosophy _924859 |
||
| 650 |
_aSpencer, Herbert _924724 |
||
| 942 |
_2lcc _cMONOGRAPH |
||
| 999 |
_c124935 _d124935 |
||